000 00889nam a2200253 4500
003 LK-CoMWRAF
005 20231120093500.0
008 230821b2005 |||||||| |||| 00| 0 eng d
020 _a 9290850523
040 _aLK-CoMWRAF
_dLK-CoMWRAF
_eLK-CoMWRAF
041 _aeng
082 _a305.42
_bUNI
110 _a United Nations Research Institute for Social Development.
245 _aGender equality:
_bstriving for justice in an unequal world
260 _aGeneva:
_b United Nations Research Institute for Social Development,
_c2005
300 _axxxiv, 303 p. : col. ill. ; 30 cm.
650 _aWOMEN-SOCIAL CONDITIONS-20th and 21st CENTURY
650 t _aWomen-Economic conditions-20th and 21st century
650 _aWomen-Government policy.
650 _a Sex discrimination against women.
650 _aWomen--Political activity.
650 _aWomen and war.
942 _cBK
999 _c3234
_d3234